[Event "senmm16"]
[Site "Magdeburg"]
[Date "2016.10.12"]
[Round "4.1"]
[White "Schulze, Ulrich"]
[Black "Ackermann, Hans Werner"]
[Result "1/2-1/2"]
[BlackElo "2360"]
[WhiteElo "2299"]
[LiveChessVersion "1.4.8"]

1. d4 d6 2. Nf3 Bg4 3. e4 Nd7 4. h3 Bh5 5. Be2 e5 6. dxe5 Bxf3 7. Bxf3 dxe5 8.
O-O c6 9. a4 a5 10. Na3 Ngf6 11. Nc4 Qc7 12. Bd2 Be7 13. Bc3 O-O 14. Bg4 Rfe8
15. Bxd7 Nxd7 16. Qd2 b6 17. Rfd1 Red8 18. Qe3 Bc5 19. Qg3 f6 20. Rd3 Nf8 21.
Rad1 Rxd3 22. Rxd3 b5 23. Ne3 Bxe3 24. Qxe3 Ne6 25. b3 b4 26. Bb2 Rd8 27. Qd2
Rxd3 28. Qxd3 Kf7 29. Bc1 Ke7 30. Be3 Qd6 31. Kf1 Qxd3+ 32. cxd3 c5 33. g3 g6
34. f4 exf4 35. gxf4 f5 36. exf5 gxf5 37. Ke2 Kd6 38. Kd2 Kd5 39. Kc2 Nd4+ 40.
Kb2 Ne2 41. Kc2 Nd4+ 42. Kb2 Ne6 43. Kc2 Kd6 44. Kd2 Kc6 45. Kc2 Kd6 46. Kd2 Ke7
47. Ke2 Ke8 48. Ke1 Kd7 49. Kd2 Kc6 50. Kd1 Nc7 51. Ke2 Nd5 52. Bd2 Nb6 53. Be3
Kd6 54. Kd1 Nd5 55. Bd2 Ke6 56. Kc2 Nc7 57. Be3 Kd5 58. Kd2 Ne6 59. Kc2 h6 60.
Kc1 Nf8 61. Kd2 Ng6 62. Ke2 Ne7 63. Kd2 Nc6 64. Kc2 Nd8 65. Kd2 Ne6 66. Kc2 Kc6
67. Kd2 Kd6 68. Kd1 Kd5 69. Kc2 1/2-1/2

[Event "senmm16"]
[Site "Magdeburg"]
[Date "2016.10.12"]
[Round "4.2"]
[White "Khanukov, Boris"]
[Black "Fritsch, Rolf"]
[Result "1-0"]
[BlackElo "2258"]
[WhiteElo "2316"]
[LiveChessVersion "1.4.8"]

1. d4 f5 2. g3 Nf6 3. Bg2 e6 4. c4 Be7 5. Nc3 O-O 6. Nf3 d6 7. O-O Ne4 8. Qc2
Nxc3 9. Qxc3 Bf6 10. b4 a5 11. b5 Nd7 12. Ba3 Qe8 13. Qc2 g5 14. Rad1 Be7 15. e4
f4 16. gxf4 Rxf4 17. Bc1 Qh5 18. Bxf4 gxf4 19. Kh1 e5 20. Rg1 Kf8 21. dxe5 dxe5
22. Qb2 Bd6 23. Rd5 b6 24. Rgd1 Ke7 25. Qd2 Qg6 26. Nh4 Qf6 27. Nf5+ Qxf5 28.
exf5 1-0

[Event "senmm16"]
[Site "Magdeburg"]
[Date "2016.10.12"]
[Round "4.3"]
[White "Frick, Christoph"]
[Black "Rotstein, Jefim"]
[Result "1-0"]
[BlackElo "2316"]
[WhiteElo "2238"]
[LiveChessVersion "1.4.8"]

1. e4 c5 2. Nc3 e6 3. g3 Nc6 4. Bg2 g6 5. d3 Bg7 6. Nh3 Nge7 7. O-O O-O 8. Be3
Nd4 9. Qd2 Rb8 10. Nd1 e5 11. c3 Ne6 12. f4 exf4 13. Nxf4 d6 14. Nd5 Nxd5 15.
exd5 Nc7 16. Bh6 Ne8 17. Nf2 b5 18. Rae1 b4 19. c4 Rb7 20. Re2 Bxh6 21. Qxh6 Ng7
22. Ne4 Nf5 23. Qf4 f6 24. Ref2 Rbf7 25. h4 h6 26. Qd2 Kg7 27. Kh2 Nd4 28. Qf4
Nf5 29. Bh3 g5 30. Qd2 Ne7 31. Be6 f5 32. Bxf7 Rxf7 33. hxg5 h5 34. Qf4 Ng6 35.
Qxd6 Rf8 36. Qxd8 Rxd8 37. Nxc5 Ne5 38. Re2 Ng4+ 39. Kg2 Kg6 40. Ne6 Bxe6 41.
dxe6 Kxg5 42. e7 Re8 43. d4 Nf6 44. d5 Nd7 45. d6 Kf6 46. Kf3 Nc5 47. Rfe1 1-0

[Event "senmm16"]
[Site "Magdeburg"]
[Date "2016.10.12"]
[Round "4.4"]
[White "Huettemann, Karl-Heinz"]
[Black "Weisenburger, Horst"]
[Result "1/2-1/2"]
[BlackElo "2152"]
[WhiteElo "2249"]
[LiveChessVersion "1.4.8"]

1. c4 f5 2. Nf3 Nf6 3. Nc3 d6 4. d4 g6 5. g3 Bg7 6. Bg2 O-O 7. O-O c6 8. d5 a5
9. Nd4 Bd7 10. Rb1 Qc7 11. Be3 Na6 12. Nc2 e5 13. dxe6 Bxe6 14. b3 Rad8 15. Na4
Nd7 16. Nd4 Bf7 17. Rc1 Ndc5 18. Nc3 Ne6 19. Nxe6 Bxe6 20. Na4 Nc5 21. Nxc5 dxc5
22. Qc2 Bd4 23. Bf4 Be5 24. Bg5 Rd7 25. Rcd1 f4 26. Rxd7 Bxd7 27. Qd2 Rf5 28.
Bxf4 Bxf4 29. gxf4 Rxf4 30. Rd1 Rd4 31. Qc1 Qd6 32. Rxd4 cxd4 33. Qd2 b6 34. e3
d3 35. Bf1 Bf5 36. f3 Qb4 37. Qxb4 axb4 38. e4 d2 39. Be2 Bh3 40. Kf2 Kf7 41.
Ke3 Ke6 42. Kxd2 Ke5 43. Ke3 g5 44. Bd3 h6 1/2-1/2

[Event "senmm16"]
[Site "Magdeburg"]
[Date "2016.10.12"]
[Round "4.5"]
[White "Liebert, Heinz"]
[Black "Bartsch, Berthold"]
[Result "0-1"]
[BlackElo "2267"]
[WhiteElo "2183"]
[LiveChessVersion "1.4.8"]

1. c4 e5 2. Nc3 Nc6 3. Nf3 f5 4. d4 e4 5. Bg5 Be7 6. Bxe7 Ngxe7 7. Nd2 Nxd4 8.
Ndxe4 Ne6 9. Nd2 b6 10. Nf3 Bb7 11. e3 O-O 12. Be2 f4 13. e4 d6 14. O-O Ng6 15.
b4 Ne5 16. Re1 Kh8 17. Bf1 a5 18. b5 Nc5 19. Nxe5 dxe5 20. Qxd8 Raxd8 21. Nd5
Rf7 22. f3 g5 23. Rad1 Rd6 24. Nc3 Rxd1 25. Rxd1 Rd7 26. Rxd7 Nxd7 27. g3 Kg7
28. Bh3 Nc5 29. Kf1 Kf6 30. Ke2 h5 31. Bf5 fxg3 32. hxg3 h4 33. Kf2 Nd3+ 34. Kg2
Nb2 35. c5 bxc5 36. Kh3 hxg3 37. Kxg3 Nc4 38. Na4 Nd6 39. Nxc5 Nxf5+ 40. exf5
Bc8 41. a3 Bxf5 42. Na6 Ke6 43. Nxc7+ Kd6 44. b6 Bc8 45. Ne8+ Kc6 46. Nf6 Kxb6
47. Nh7 Kb5 48. Nxg5 Ka4 49. Nf7 Kxa3 50. Nxe5 Kb3 51. Nd3 Bf5 52. Nc5+ Kb4 53.
Na6+ Kc4 0-1

[Event "senmm16"]
[Site "Magdeburg"]
[Date "2016.10.12"]
[Round "4.6"]
[White "Kannenberg, Karl-Heinz"]
[Black "Kahe, Ralph"]
[Result "0-1"]
[BlackElo "2189"]
[WhiteElo "2214"]
[LiveChessVersion "1.4.8"]

1. d4 g6 2. Bf4 Bg7 3. Nc3 d6 4. Qd2 a6 5. Nf3 h6 6. h3 b5 7. a3 Bb7 8. e4 Nd7
9. Be2 c5 10. d5 Ngf6 11. Qe3 Qa5 12. O-O g5 13. Bh2 O-O 14. Kh1 Rfe8 15. h4 g4
16. Nd2 e6 17. Bxd6 exd5 18. Qg3 d4 19. Bc7 Nh5 20. Qd6 Be5 21. Qxe5 Nxe5 22.
Bxa5 dxc3 23. Bxc3 Nf4 24. Rfe1 Nxe2 25. Rxe2 Ng6 26. g3 Re6 27. Kg1 Rae8 28.
Nb3 Rc8 29. Rae1 b4 30. axb4 cxb4 31. Bd4 Ba8 32. c3 bxc3 33. Nc5 Rec6 34. Rd1
cxb2 35. Rxb2 Ne5 36. Bxe5 Rxc5 37. Bf4 Bxe4 38. Bxh6 Bf3 39. Ra1 Rb5 40. Rba2
Rcb8 41. Rc1 a5 42. Bd2 Ra8 43. Kf1 a4 44. Ra3 Rd5 45. Be1 Rd4 46. Bc3 Rc4 47.
Bd2 Rd4 48. Be3 Rd5 49. Bg5 Kg7 50. Rca1 f6 51. Bf4 Rad8 52. Re1 Rd1 53. Ra1
Rxa1 54. Rxa1 a3 55. Be3 a2 56. Ke1 Kg6 57. Bd2 Re8+ 58. Be3 Ra8 59. Bd4 Ra4 60.
Bc3 Re4+ 61. Kf1 Rc4 62. Bb2 Rc2 63. h5+ Kxh5 64. Bxf6 Kg6 65. Bd4 Kf5 66. Re1
Be4 67. Rd1 Rc7 68. Ke1 Bf3 69. Ra1 Ke4 70. Bb2 Kd3 71. Rxa2 Rh7 72. Ra3+ Kc2
73. Rc3+ Kxb2 74. Rc5 Rd7 0-1

[Event "senmm16"]
[Site "Magdeburg"]
[Date "2016.10.12"]
[Round "4.7"]
[White "Gregor, George"]
[Black "Schmidt, Gerhard"]
[Result "0-1"]
[BlackElo "2214"]
[WhiteElo "2237"]
[LiveChessVersion "1.4.8"]

1. c4 e6 2. g3 d5 3. Nf3 Nf6 4. Bg2 c6 5. b3 Nbd7 6. Bb2 Be7 7. O-O O-O 8. d3 b6
9. Nbd2 Bb7 10. Rc1 b5 11. Qc2 Qa5 12. cxb5 Qxb5 13. Nd4 Qc5 14. Qxc5 Bxc5 15.
Rc2 Rfe8 16. Rfc1 e5 17. Nf5 Bf8 18. e3 a5 19. d4 e4 20. a3 g6 21. Nh4 Bd6 22.
Bf1 Nb8 23. Nb1 Ba6 24. Nc3 Re7 25. Na4 Rb7 26. Rxc6 Nxc6 27. Rxc6 Bxf1 28. Rxd6
Ne8 29. Rxd5 Bh3 30. Nc5 Rb6 31. Ng2 Be6 32. Re5 Bxb3 33. Nf4 Bd1 34. Na4 Bxa4
0-1

[Event "senmm16"]
[Site "Magdeburg"]
[Date "2016.10.12"]
[Round "4.8"]
[White "Fischer, Gerd"]
[Black "Schultheis, Heinz"]
[Result "0-1"]
[BlackElo "2109"]
[WhiteElo "2090"]
[LiveChessVersion "1.4.8"]

1. e4 d6 2. d4 Nf6 3. Nc3 g6 4. f3 Bg7 5. Be3 O-O 6. Qd2 e5 7. Bc4 exd4 8. Bxd4
Nc6 9. Be3 Be6 10. Bxe6 fxe6 11. Nge2 Ne5 12. b3 Nf7 13. O-O c6 14. Rad1 d5 15.
Ng3 Re8 16. exd5 exd5 17. Rfe1 Nd7 18. Bd4 Bh6 19. Rxe8+ Qxe8 20. Qe1 Qf8 21.
Qe6 Nc5 22. Qf6 Bg5 23. Nh5 gxh5 24. Qf5 Qe7 25. f4 Bh6 26. Qxh5 Bg7 0-1

[Event "senmm16"]
[Site "Magdeburg"]
[Date "2016.10.12"]
[Round "4.9"]
[White "Clara, Hans-Joachim"]
[Black "Dittmann, Hans-Adolf"]
[Result "1-0"]
[BlackElo "2096"]
[WhiteElo "2324"]
[LiveChessVersion "1.4.8"]

1. Nf3 Nf6 2. c4 e6 3. Nc3 Bb4 4. Qc2 Nc6 5. a3 Bxc3 6. Qxc3 a5 7. b3 d6 8. d4
Qe7 9. Bb2 O-O 10. e3 Re8 11. d5 Nd8 12. Bd3 e5 13. Nd2 b6 14. O-O Nb7 15. b4
Bg4 16. f3 Bh5 17. e4 g5 18. Bc2 Nd7 19. Ba4 axb4 20. axb4 f6 21. Bb5 Bg6 22.
Ra3 f5 23. exf5 Bxf5 24. Rfa1 Rab8 25. Ra7 Nf8 26. Bc6 Ng6 27. Rxb7 Rxb7 28.
Bxb7 g4 29. fxg4 Bxg4 30. Rf1 Rf8 31. Qg3 Rxf1+ 32. Nxf1 Be2 33. Ne3 Qf6 1-0

[Event "senmm16"]
[Site "Magdeburg"]
[Date "2016.10.12"]
[Round "4.10"]
[White "Boettcher, Ulrich"]
[Black "Nehmert, Ulrich"]
[Result "1/2-1/2"]
[BlackElo "2270"]
[WhiteElo "2069"]
[LiveChessVersion "1.4.8"]

1. c4 Nf6 2. Nc3 e6 3. g3 d5 4. d4 dxc4 5. Qa4+ c6 6. Qxc4 b5 7. Qb3 Qxd4 8. Nf3
Qb6 9. Be3 Bc5 10. Bxc5 Qxc5 11. Bg2 a5 12. O-O a4 13. Qd1 a3 14. Qb3 O-O 15.
Rfc1 e5 16. Ne4 Qe7 17. Nxf6+ gxf6 18. bxa3 Qxa3 19. Qc2 Ra4 20. Qd2 Kg7 21.
Nxe5 1/2-1/2

[Event "senmm16"]
[Site "Magdeburg"]
[Date "2016.10.12"]
[Round "4.11"]
[White "Haubt, Georg"]
[Black "Seeck, Klaus"]
[Result "1-0"]
[BlackElo "2044"]
[WhiteElo "2196"]
[LiveChessVersion "1.4.8"]

1. e4 e5 2. Nc3 Nf6 3. g3 Bc5 4. Bg2 d6 5. Na4 Bb6 6. Nxb6 axb6 7. Ne2 Nc6 8.
O-O O-O 9. d3 h6 10. h3 Be6 11. f4 d5 12. f5 Bc8 13. Bd2 dxe4 14. dxe4 Qd6 15.
Qc1 Kh7 16. Kh2 Rd8 17. Be3 Ne7 18. Nc3 Qb4 19. g4 Bd7 20. a3 Qa5 21. g5 hxg5
22. Bxg5 Bb5 23. Rg1 Bc6 24. Qe1 1-0

[Event "senmm16"]
[Site "Magdeburg"]
[Date "2016.10.12"]
[Round "4.12"]
[White "Kracht, Helmut"]
[Black "Kierzek, Matthias, Dr."]
[Result "1/2-1/2"]
[BlackElo "2199"]
[WhiteElo "2021"]
[LiveChessVersion "1.4.8"]

1. e4 c6 2. d4 d5 3. exd5 cxd5 4. Bd3 Nc6 5. c3 Qc7 6. Ne2 e5 7. dxe5 Nxe5 8.
Bb5+ Bd7 9. Bxd7+ Qxd7 10. O-O Nf6 11. Bf4 Ng6 12. Bg3 Bc5 13. Nd2 O-O 14. h3
Rad8 15. Nb3 Bb6 16. Nbd4 Ne4 17. Bh2 Rfe8 18. Re1 Ne5 19. Ng3 Nc6 20. Nge2 Ne5
21. Ng3 Nc6 1/2-1/2

[Event "senmm16"]
[Site "Magdeburg"]
[Date "2016.10.12"]
[Round "4.13"]
[White "Gabriel, Josef"]
[Black "Glienke, Manfred, Dr."]
[Result "0-1"]
[BlackElo "2265"]
[WhiteElo "2139"]
[LiveChessVersion "1.4.8"]

1. Nf3 c5 2. g3 Nc6 3. Bg2 Nf6 4. d3 g6 5. O-O Bg7 6. e4 O-O 7. Nc3 d6 8. h3 Nd4
9. Ne1 Rb8 10. f4 b5 11. g4 b4 12. Ne2 Nd7 13. Ng3 Bb7 14. Bd2 a5 15. c3 Nb5 16.
Qc1 a4 17. a3 Qb6 18. Kh2 Rfc8 19. Ne2 Ra8 20. Nc2 bxc3 21. bxc3 Bc6 22. Rb1 Qa6
23. c4 Nc7 24. Ne3 Rcb8 25. Qc2 Rb3 26. Bc3 Rab8 27. Bxg7 Kxg7 28. Rxb3 axb3 29.
Qb2+ f6 30. g5 Ne6 31. gxf6+ exf6 32. e5 dxe5 33. fxe5 fxe5 34. Nd5 Nd4 35. Nec3
Bxd5 36. Bxd5 Rf8 37. Rxf8 Kxf8 38. Ne4 Kg7 39. Qf2 Nf5 40. Qb2 Nd4 41. Qf2 Nf5
42. Nxc5 Qxa3 43. Ne6+ Kf6 44. c5 Qb4 45. c6 Nb6 46. c7 b2 47. Nc5 b1=Q 48. Nd7+
Kg7 49. Nxb6 Qxb6 50. Qxb6 Qxb6 51. c8=Q Qf2+ 52. Bg2 Ne3 53. Qb7+ Kh6 54. Qf3
Qxg2+ 55. Qxg2 Nxg2 56. Kxg2 Kg5 57. Kf3 Kf5 58. h4 h6 59. Kg3 Ke6 60. Kf3 Kd5
61. Ke3 h5 62. Kf3 Kd4 63. Ke2 e4 0-1

[Event "senmm16"]
[Site "Magdeburg"]
[Date "2016.10.12"]
[Round "4.14"]
[White "Sprotte, Norbert"]
[Black "Braeuner, Uwe"]
[Result "1-0"]
[BlackElo "2181"]
[WhiteElo "2209"]
[LiveChessVersion "1.4.8"]

1. Nf3 Nf6 2. c4 e6 3. d4 Bb4+ 4. Nbd2 d5 5. e3 O-O 6. a3 Bd6 7. c5 Be7 8. b4 b6
9. Bb2 a5 10. Be2 c6 11. O-O Ba6 12. Ne5 Nfd7 13. Bxa6 Nxe5 14. Be2 Ned7 15. Qc2
b5 16. f3 Qc7 17. Bd3 g6 18. Bc3 a4 19. e4 f5 20. Rae1 Bh4 21. Re2 fxe4 22. fxe4
Rxf1+ 23. Nxf1 Kg7 24. e5 Na6 25. g3 Bg5 26. h4 Bh6 27. Nh2 Rf8 28. Ng4 Rf7 29.
Bd2 Bxd2 30. Qxd2 Nf8 31. Nf6 Qe7 32. Rf2 Nc7 33. g4 h6 34. g5 h5 35. Qe2 Ne8
36. Bxg6 Nxg6 37. Qxh5 1-0

[Event "senmm16"]
[Site "Magdeburg"]
[Date "2016.10.12"]
[Round "4.15"]
[White "Wolf, Walter"]
[Black "Baumbach, Friedrich, Dr."]
[Result "1/2-1/2"]
[BlackElo "2228"]
[WhiteElo "2109"]
[LiveChessVersion "1.4.8"]

1. b3 e5 2. Bb2 Nc6 3. e3 Nf6 4. c4 g6 5. Nc3 Bg7 6. Nf3 O-O 7. d3 d5 8. Be2 Re8
9. O-O d4 10. exd4 Nxd4 11. Nxd4 exd4 12. Nb5 c5 13. Bf3 a6 14. Na3 Qb6 15. Nc2
a5 16. Ba3 Bf5 17. Qd2 Nd7 18. Rfe1 h5 19. Rxe8+ Rxe8 20. Re1 Re5 21. Bd5 Bf8
22. Rxe5 Nxe5 23. Ne1 a4 24. Qd1 axb3 25. axb3 Qa5 26. Bb2 Qa2 27. Qe2 Bd6 28.
f4 Bg4 29. Qe4 Bf5 30. Qe2 Bg4 1/2-1/2

[Event "senmm16"]
[Site "Magdeburg"]
[Date "2016.10.12"]
[Round "4.16"]
[White "Burchardt, Brigitte"]
[Black "Gerstenberger, Heinz"]
[Result "1-0"]
[BlackElo "2083"]
[WhiteElo "2161"]
[LiveChessVersion "1.4.8"]

1. e4 g6 2. d4 Bg7 3. Nc3 d6 4. Be3 a6 5. a4 b6 6. Bc4 e6 7. Qd2 h6 8. Nge2 Ne7
9. Bb3 Nd7 10. O-O Nf6 11. f3 Bb7 12. Rad1 d5 13. exd5 exd5 14. Rfe1 Qd7 15. Nf4
O-O 16. Nd3 Nf5 17. Ne5 Qd8 18. Bf2 Kh7 19. Ne2 Nd6 20. c3 Nd7 21. Nf4 c6 22.
Qd3 Nxe5 23. dxe5 Nf5 24. Bc2 Bc8 25. g4 Ne7 26. e6 f5 27. Nxg6 Nxg6 28. gxf5
Nf4 29. Qe3 Qg5+ 30. Bg3 Nh3+ 31. Kg2 Bf6 32. Kxh3 Qh5+ 33. Kg2 Ra7 34. Qxb6 Rg7
35. e7 Rfg8 36. e8=Q Rxe8 37. Qxc6 Rxe1 38. Rxe1 Bxf5 39. Qxf6 Bxc2 40. Re5 Qf7
41. Qxf7 Rxf7 42. Rxd5 Bxa4 43. Rd6 Bb5 44. Kf2 Bc4 45. b4 Bb5 46. Be5 Rf5 47.
f4 Rh5 48. Kg3 Bf1 49. h4 Rf5 50. Kg4 Rf7 51. f5 Be2+ 52. Kf4 Bf1 53. Bd4 Bd3
54. Rd5 Kg8 55. f6 Kh7 56. Be5 Bf1 57. Rc5 Kg6 58. Bd4 Rb7 59. h5+ Kh7 60. Re5
Rf7 61. Re3 Bc4 62. Kf5 Bb5 63. Ke6 Bc4+ 64. Kd6 Kg8 65. Kc5 Rc7+ 66. Kb6 Rd7
67. Re8+ Kf7 68. Rh8 Ke6 69. Rxh6 Be2 70. f7+ Kxf7 71. Rh7+ Ke6 72. Rxd7 Kxd7
73. h6 Bd3 74. c4 Kc8 75. c5 Kb8 76. Be5+ Kc8 77. c6 1-0

[Event "senmm16"]
[Site "Magdeburg"]
[Date "2016.10.12"]
[Round "4.17"]
[White "Clemens, Christian, Dr."]
[Black "Salov, Sergej"]
[Result "1-0"]
[BlackElo "2234"]
[WhiteElo "2214"]
[LiveChessVersion "1.4.8"]

1. g3 e5 2. c4 Nf6 3. Bg2 Nc6 4. Nc3 Bc5 5. a3 a5 6. e3 O-O 7. Nge2 Re8 8. O-O
d6 9. d3 Bd7 10. h3 Qc8 11. Kh2 Bb6 12. b3 Ne7 13. Bb2 Nf5 14. Qd2 Bc6 15. Nd5
Nxd5 16. cxd5 Bd7 17. d4 Bb5 18. dxe5 dxe5 19. Rfd1 Bxe2 20. Qxe2 Nd6 21. e4 a4
22. b4 Qd7 23. Bf1 f5 24. Bg2 fxe4 25. h4 Qf7 26. Rd2 Bd4 27. Bxd4 exd4 28. Rxd4
Qf6 29. Rad1 b5 30. Bh3 Rf8 31. R4d2 Qf3 32. Ra2 Qxe2 33. Rxe2 Rf3 34. Rc1 Ra7
35. Ra2 Kf8 36. Bg2 Rd3 37. Rc5 Ke7 38. Bf1 Rd4 39. Bxb5 Nxb5 40. Rxb5 Kd6 41.
Re2 Rxd5 42. Rb8 Re5 43. Rd8+ Ke6 44. f4 1-0

[Event "senmm16"]
[Site "Magdeburg"]
[Date "2016.10.12"]
[Round "4.18"]
[White "Gruzmann, Boris"]
[Black "Nimtz, Manfred, Dr."]
[Result "1-0"]
[BlackElo "2212"]
[WhiteElo "2253"]
[LiveChessVersion "1.4.8"]

1. e4 c5 2. Nf3 d6 3. d4 cxd4 4. Nxd4 Nf6 5. Nc3 a6 6. f4 e6 7. Bd3 Nbd7 8. a4
Be7 9. Qe2 Qc7 10. Nf3 e5 11. a5 O-O 12. O-O b5 13. axb6 Qxb6+ 14. Kh1 exf4 15.
Na4 Qc7 16. Bxf4 Ne5 17. Nc3 Nxd3 18. cxd3 Be6 19. Rfc1 Qb7 20. d4 Rfc8 21. d5
Bg4 22. h3 Bh5 23. g4 Bg6 24. Kh2 Bf8 25. Nh4 Re8 26. Nxg6 hxg6 27. Qg2 Rac8 28.
Ra4 Nd7 29. Rd4 Be7 30. Rdd1 g5 31. Bg3 Qb4 32. Na2 Qb3 33. Rxc8 Rxc8 34. Rc1
Rb8 35. Nc3 Qxb2 36. Rc2 Qb3 37. Nd1 Bf8 38. Qe2 Re8 39. Rb2 Qa3 40. Nf2 Nc5 41.
Ra2 Qb3 42. Rb2 Qc3 43. Rc2 Qf6 44. Kg2 Qd8 45. Qc4 Qa8 46. Re2 a5 47. Nd3 Qa6
48. Qxa6 Nxa6 49. Kf3 Rc8 50. Be1 Nc5 51. Nxc5 Rxc5 52. Ra2 Rb5 53. Bxa5 Rb3+
54. Kg2 Be7 55. Bc7 Rc3 56. Ra8+ Kh7 57. Bd8 Bf6 58. Bxf6 gxf6 59. Rd8 Re3 60.
Rxd6 Kg7 61. Rd8 Rxe4 62. Kf3 Rd4 63. Ke3 Rd1 64. Ke4 Rh1 65. Ra8 Rxh3 66. d6
f5+ 67. gxf5 Rh4+ 68. Ke5 1-0

[Event "senmm16"]
[Site "Magdeburg"]
[Date "2016.10.12"]
[Round "4.19"]
[White "Lau, Udo"]
[Black "Neumann, Joachim"]
[Result "0-1"]
[BlackElo "2085"]
[WhiteElo "2161"]
[LiveChessVersion "1.4.8"]

1. d4 Nf6 2. Nf3 e6 3. g3 d5 4. Bg2 Be7 5. O-O O-O 6. c4 dxc4 7. Na3 Nbd7 8.
Nxc4 Nb6 9. Nxb6 axb6 10. Qc2 Nd5 11. Rd1 Nb4 12. Qb1 Bd7 13. a3 Nd5 14. Bd2 b5
15. e4 Nb6 16. Qc2 Ra4 17. Bf4 c6 18. Rac1 Rc4 19. Qe2 Qa8 20. Rxc4 Nxc4 21. d5
exd5 22. exd5 Re8 23. Qc2 Bf6 24. Bc1 Qc8 25. b3 Bf5 26. Qa2 Nb6 27. dxc6 bxc6
28. Be3 Nd5 29. Bd4 Bxd4 30. Nxd4 Nc3 31. Qd2 Nxd1 32. Nxf5 Qxf5 33. Qxd1 Qc5
34. Bf3 g6 35. Kg2 Re6 36. a4 bxa4 37. bxa4 Rd6 38. Qe1 Rd4 39. Qe8+ Kg7 40.
Qxc6 Rc4 41. Qxc5 Rxc5 42. Be2 Rc2 43. Kf3 Ra2 44. Bb5 Kf6 45. h4 Ke5 46. Kg2 f5
47. Kf3 Ra3+ 48. Kg2 f4 49. g4 h6 50. Bc6 g5 51. h5 Kd4 52. Bb5 Rc3 53. Bd7 Rc7
54. Be8 Kd3 55. Kf3 Re7 56. Bb5+ Kd2 57. Kg2 Re4 58. Bc6 Rc4 59. Bb5 Rc3 60. Bd7
Ra3 61. Bc6 Ke1 62. Bb5 Ra2 63. Kf3 Rxf2+ 64. Ke4 Re2+ 0-1

[Event "senmm16"]
[Site "Magdeburg"]
[Date "2016.10.12"]
[Round "4.20"]
[White "Gehrmann, Rudolf-Rainer"]
[Black "Dornieden, Manfred, Dr."]
[Result "1/2-1/2"]
[BlackElo "2209"]
[WhiteElo "2123"]
[LiveChessVersion "1.4.8"]

1. c4 e5 2. Nc3 Nf6 3. Nf3 Nc6 4. d3 Bc5 5. g3 O-O 6. Bg2 d6 7. O-O h6 8. Na4
Bb6 9. a3 Bd7 10. b4 e4 11. dxe4 Nxe4 12. Bb2 Re8 13. Nd2 f5 14. Nxe4 fxe4 15.
Nxb6 axb6 16. b5 Na5 17. Rc1 Bf5 18. Qd5+ Be6 19. Qxe4 Nb3 20. Rc2 Nc5 21. Qd4
Qd7 22. Rd1 Qf7 23. Bd5 Bxd5 24. Qxd5 Re4 25. e3 Ra4 26. Qxf7+ Kxf7 27. Rd4 Rxd4
28. exd4 Nd3 29. Bc1 Nxc1 30. Rxc1 Rxa3 31. Rc2 Ra4 32. Kf1 c6 33. Ke2 Rb4 34.
Ke3 cxb5 35. cxb5 Rxb5 36. Rc7+ Kf6 37. Rd7 d5 38. h4 g5 39. Rd6+ Kf5 40. Rxh6
Rb3+ 41. Ke2 Rb2+ 42. Kf3 Rb3+ 43. Kg2 gxh4 44. Rxh4 b5 45. Rf4+ Kg6 46. Kf1 b4
47. Ke2 Rc3 48. Kd2 Rc4 49. Rg4+ Kf6 50. Rh4 Kg6 1/2-1/2

[Event "senmm16"]
[Site "Magdeburg"]
[Date "2016.10.12"]
[Round "4.21"]
[White "Giesen, Dieter"]
[Black "Krueger, Erich"]
[Result "1/2-1/2"]
[BlackElo "2235"]
[WhiteElo "2219"]
[LiveChessVersion "1.4.8"]

1. e4 c6 2. c4 d5 3. exd5 cxd5 4. cxd5 Nf6 5. Nc3 Nxd5 6. d4 e6 7. Nf3 Be7 8.
Bd3 Nc6 9. O-O O-O 10. a3 Bd7 11. Re1 Nxc3 12. bxc3 Bf6 13. Bf4 Rc8 14. Rb1 Na5
15. Qc2 g6 16. Ne5 1/2-1/2

[Event "senmm16"]
[Site "Magdeburg"]
[Date "2016.10.12"]
[Round "4.22"]
[White "Hassenrueck, Helmut"]
[Black "Kargoll, Peter"]
[Result "0-1"]
[BlackElo "2175"]
[WhiteElo "2215"]
[LiveChessVersion "1.4.8"]

1. d4 d5 2. Nf3 Nf6 3. c4 e6 4. Nc3 a6 5. cxd5 exd5 6. Qc2 Be7 7. Bf4 O-O 8. e3
b6 9. Bd3 Bb7 10. O-O Nbd7 11. Ne5 c5 12. Nxd7 Qxd7 13. Rfd1 c4 14. Bf5 Qd8 15.
Be5 g6 16. Bh3 b5 17. a3 Re8 18. f3 Qb6 19. Kh1 Rad8 20. e4 Nh5 21. g4 Ng7 22.
Bxg7 Kxg7 23. e5 f6 24. f4 fxe5 25. fxe5 Rf8 26. Bg2 Rf4 27. Qe2 Qe6 28. h3 Bh4
29. Qe3 Rdf8 30. Ne2 R4f7 31. Rf1 Bf2 32. Qc3 Qe7 33. Qb4 Qh4 34. e6 Re7 35. Qd6
Qg5 36. Nc3 Bxd4 37. Rxf8 Kxf8 38. Rf1+ Kg7 39. Nxd5 Bxd5 40. Bxd5 Bxb2 41. Bg2
Bf6 42. Qxa6 c3 43. Qc6 Qe5 44. Bd5 c2 45. Bb3 Rc7 46. g5 Rxc6 47. gxf6+ Qxf6
0-1

[Event "senmm16"]
[Site "Magdeburg"]
[Date "2016.10.12"]
[Round "4.23"]
[White "Fecht, Hans-Peter"]
[Black "Thiel, Kuno"]
[Result "1/2-1/2"]
[BlackElo "2181"]
[WhiteElo "2148"]
[LiveChessVersion "1.4.8"]

1. Nf3 Nf6 2. c4 b6 3. g3 Bb7 4. Bg2 e6 5. b3 c5 6. Bb2 Be7 7. O-O O-O 8. Nc3 d6
9. d3 a6 10. a3 Nc6 11. e3 Qc7 12. Qc2 Rac8 13. Rfd1 Qb8 14. Rac1 Qa8 15. Ne1
Ne5 1/2-1/2

[Event "senmm16"]
[Site "Magdeburg"]
[Date "2016.10.12"]
[Round "4.24"]
[White "Lotzien, Hans"]
[Black "Villing, Dieter"]
[Result "1-0"]
[BlackElo "2128"]
[WhiteElo "2166"]
[LiveChessVersion "1.4.8"]

1. e4 c5 2. Nc3 e6 3. Bc4 Nf6 4. d3 a6 5. a4 d5 6. exd5 exd5 7. Ba2 Nc6 8. Nge2
Bg4 9. f3 Be6 10. O-O Nb4 11. Bb1 Bd6 12. d4 Qc7 13. f4 Bg4 14. Be3 c4 15. h3
Bd7 16. Ng3 h5 17. Nce2 h4 18. Nh1 Bf5 19. Nf2 Kf8 20. c3 Bxb1 21. Rxb1 Re8 22.
Bc1 Nc6 23. Bd2 Na5 24. Ng4 Nxg4 25. hxg4 1-0